000 00353nam a2200145Ia 4500
008 221030s9999 xx 000 0 und d
041 _aEnglish
082 _a105.23
100 _aD. Beeman
245 0 _aIndustrial Power Systems Handbook
_cby D. Beeman
260 _bMcGraw Hill Pub.
_aNew York
_c1955
300 _a971
650 _aEE
942 _cBK
999 _c11458
_d11458